Do you know all the members in VoicePlay? - Statistics

General Stats
  • This quiz has been taken 407 times
  • The average score is 4 of 6
Answer Stats
Hint Answer % Correct
He wears glasses. Eli
95%
He is the beat boxer. Layne
76%
He gets his name spelled wrong at least 50% of the time. (Must spell correctly to get the answer correct!) Geoff
71%
He has his tongue pierced. Earl
66%
He has a dog names Fletcher. Tony
57%
This food is given out at VoicePlay shows. Twinkies
21%
No matching quizzes found
Score Distribution
Percent of People with Each Score
Percentile by Number Answered
Your Score History
You have not taken this quiz